Až na věky věků /
Milka a Magdalena žijí v odlišných dobách. Spojuje je však silné pouto spletené z lásky, víry, bolesti a slz. Jednu drží při životě, dru-hé brání žít. Chtějí se odpoutat, ale neví jak. Co když jedna druhou zničí? V příběhu se střídají dvě časová období. Historická linka se odehrává v klášteře a je i...
Uloženo v:
| Hlavní autor: | |
|---|---|
| Médium: | E-kniha |
| Jazyk: | Czech |
| Vydáno: |
Praha :
Petra Nachtmanová,
2026
|
| Tagy: |
Žádné tagy |
| LEADER | 01573nam a22002297i 4500 | ||
|---|---|---|---|
| 001 | 313961 | ||
| 007 | ta | ||
| 008 | 260626s2026 xr ||||| |||| 00| 0 cze d | ||
| 020 | |a 9788088516422 | ||
| 044 | |a xr | ||
| 100 | 1 | |a Blažejová, Šárka |4 aut | |
| 245 | 1 | 0 | |a Až na věky věků / |c Blažejová, Šárka |
| 264 | 1 | |a Praha : |b Petra Nachtmanová, |c 2026 | |
| 300 | |a 1 online zdroj (264 stran) | ||
| 336 | |a text |b txt |2 rdacontent | ||
| 337 | |a bez média |b n |2 rdamedia | ||
| 338 | |a online zdroj |b cr |2 rdacarrier | ||
| 520 | 2 | |a Milka a Magdalena žijí v odlišných dobách. Spojuje je však silné pouto spletené z lásky, víry, bolesti a slz. Jednu drží při životě, dru-hé brání žít. Chtějí se odpoutat, ale neví jak. Co když jedna druhou zničí? V příběhu se střídají dvě časová období. Historická linka se odehrává v klášteře a je inspirována pověstí o Rosa Coeli. Neřestný život a údajná svatba jeptišky s proboštem se v podvědomí hrdinky ze současnosti projevují strachem z manželského slibu. Milka po-stupně odkrývá dávnou minulost, aby pochopila trable současnosti a jejich provázání s kdysi dávno před knězem daným slibem. | |
| 910 | |a RBIT002 | ||
| 998 | |d 428017 |a https://core.palmknihy.cz/api/books/428017/cover?th5mw4 |b https://core.palmknihy.cz/api/books/428017/cover/400?th5mw4 |c https://core.palmknihy.cz/api/books/428017/cover/50?th5mw4 |e |g 264 |i 9788088516422 |j https://core.palmknihy.cz/api/books/428017/preview.epub |l |q 49 |r 1 |s https://www.palmknihy.cz/kniha/428017 |t ebook |y 2026 |z 1 | ||
| 999 | |d 313959 | ||